00719cam a2200229 a 450000100090000000300040000900500170001300800410003001000170007102000180008804000180010605000240012408200200014810000250016824500680019325000120026126000550027330000470032844000370037550400510041265000260046311956101OSt20191223121827.0000328s2001 txua b 001 0 eng  a 00102671  a9789812406125 aDLCcDLCdDLC00aHD30.22b.S247 200100a338.5024658221 aSalvatore, Dominick 10aManagerial economics in a global economy /cDominick Salvatore. a4th ed. aFort Worth :bHarcourt College Publishers,cc2001. axlvi, 752 p. :bill. (some col.) ;c24 cm. 4aThe Harcourt series in economics aIncludes bibliographical references and index. 0aManagerial economics.